Statistics for UEFA Women's Champions League Winners

Click here to take the quiz!

General Stats

  • This quiz has been taken 120 times
    (89 since last reset)
  • The average score is 5 of 8

Answer Stats

WonWinner% Correct
1Barcelona
95%
7Lyon
90%
1Arsenal
80%
2Wolfsburg
76%
4Frankfurt
35%
2Potsdam
35%
2Umeå
21%
1Duisburg
20%

Score Distribution

Percentile by Number Answered

Percent of People with Each Score

Your Score History

You have not taken this quiz since the last reset